Top 200 Biggest urban areas in Ireland and the United Kingdom - Statistics

General Stats
  • This quiz has been taken 610 times
  • The average score is 71 of 200
Answer Stats
# "Country*" Population Urban Area % Correct
6 Scotland 1,001,059 Glasgow
98%
1 England 10,356,574 London
98%
5 Ireland 1,173,179 Dublin
97%
14 Scotland 512,510 Edinburgh
97%
2 England 2,626,139 Manchester
97%
3 England 2,509,741 Birmingham
96%
8 England 878,052 Liverpool
95%
16 Wales 459,622 Cardiff
94%
4 England 1,824,753 Leeds
94%
22 Northern Ireland 333,740 Belfast
93%
12 England 648,816 Bristol
87%
9 England 788,782 Newcastle upon Tyne
87%
11 England 703,920 Sheffield
86%
51 England 167,622 Cambridge - Milton
84%
41 Ireland 208,669 Cork
84%
40 Scotland 213,810 Aberdeen
83%
10 England 753,777 Nottingham
83%
7 England 885,693 Southampton
83%
28 Wales 304,250 Swansea
83%
32 England 266,497 Plymouth
82%
52 England 161,654 York
82%
13 England 526,018 Leicester
81%
45 England 179,771 Oxford
80%
15 England 492,020 Brighton and Hove
78%
39 England 222,943 Norwich
77%
54 Scotland 158,250 Dundee
74%
26 England 316,408 Kingston upon Hull
74%
36 England 238,725 Blackpool
71%
18 England 388,495 Coventry
71%
30 England 276,071 Derby
69%
167 Scotland 47,260 Inverness
68%
23 England 329,062 Reading
68%
20 England 377,439 Stoke-on-Trent
68%
66 England 126,689 Exeter
67%
17 England 483,318 Bournemouth
66%
80 England 100,231 Bath
65%
21 England 337,786 Sunderland
65%
87 England 92,767 Chester
64%
19 England 380,643 Middlesbrough
63%
83 Ireland 94,192 Limerick
62%
186 England 43,206 Dover
61%
55 England 157,611 Gloucester
61%
31 England 272,692 Luton
61%
27 Wales 310,557 Newport
61%
25 England 319,544 Preston
60%
99 Ireland 79,934 Galway
59%
70 England 117,800 Lincoln
59%
77 England 104,439 Worcester
56%
59 England 145,775 Blackburn
54%
101 England 79,071 Carlisle
54%
38 England 226,513 Northampton
54%
35 England 240,637 Milton Keynes
53%
48 England 172,968 Peterborough
53%
29 England 302,716 Southend-on-Sea
53%
63 England 131,535 Colchester
52%
44 England 181,536 Ipswich
51%
166 Scotland 47,270 Perth
50%
53 England 159,973 Doncaster
49%
42 England 192,481 Swindon
49%
154 England 50,057 Durham
48%
79 England 101,388 Lancaster
46%
46 England 178,127 Wigan
46%
146 Ireland 53,504 Waterford
45%
119 Wales 66,706 Wrexham
45%
58 England 150,580 Burnley
44%
62 England 133,995 Grimsby
44%
157 Scotland 49,700 Stirling
44%
129 England 62,502 Hereford
43%
136 England 60,195 Canterbury
41%
130 Northern Ireland 62,460 Bangor
40%
72 England 115,224 Cheltenham
39%
163 England 47,448 Winchester
39%
76 England 111,941 Bedford
38%
73 England 115,166 Chelmsford
38%
61 England 135,718 Hastings
38%
107 England 72,704 Shrewsbury
38%
50 England 169,778 Slough
38%
88 England 92,201 Darlington
37%
49 England 170,148 Warrington
36%
57 England 151,229 Telford
35%
69 England 122,489 Eastbourne
34%
174 England 45,354 Salisbury
34%
110 England 70,006 Stafford
34%
43 England 188,323 Crawley
33%
74 England 113,618 Maidstone
33%
98 England 81,997 Scunthorpe
33%
90 England 89,316 Hartlepool
32%
47 England 176,964 Mansfield
32%
86 England 92,937 Southport
32%
37 England 231,733 Barnsley
31%
132 Scotland 62,370 Ayr
30%
102 England 76,922 Crewe
30%
78 Scotland 102,510 Falkirk
30%
60 England 137,312 High Wycombe
30%
24 England 326,403 Birkenhead
29%
34 England 255,020 Gillingham
29%
121 England 64,709 Great Yarmouth
29%
162 Northern Ireland 47,810 Lisburn
29%
135 England 61,082 Scarborough
29%
85 England 93,169 Stevenage
29%
182 England 43,674 Boston
28%
91 England 88,138 Harrogate
28%
109 England 70,743 Royal Tunbridge Wells
28%
118 England 66,710 Taunton
28%
56 England 151,709 Basildon
27%
75 England 113,207 Basingstoke
27%
184 England 43,587 Bury Saint Edmunds
27%
102 England 75,723 Rugby
26%
92 England 87,680 Weston-super-Mare
26%
164 England 47,352 Yeovil
26%
198 Ireland 39,004 Dundalk
25%
123 England 64,091 Macclesfield
25%
95 England 82,930 Aylesbury
24%
65 England 127,404 Burton upon Trent
24%
137 Scotland 60,190 Livingston
24%
64 England 130,498 Margate
24%
117 England 66,920 Kettering
23%
150 Scotland 50,940 Kilmarnock
23%
116 England 67,027 Maidenhead
23%
68 Scotland 124,910 Motherwell
23%
105 Scotland 74,230 Dunfermline
22%
94 Scotland 83,680 Hamilton
22%
189 Ireland 40,956 Drogheda
20%
159 England 48,066 King's Lynn
20%
81 England 97,381 Royal Leamington Spa
20%
134 England 61,379 Corby
19%
84 England 93,366 Nuneaton
19%
100 England 79,721 Ashford
18%
33 England 256,912 Farnborough
18%
115 England 67,463 Folkestone
18%
108 England 71,874 Lowestoft
18%
96 England 82,897 Redditch
18%
140 England 58,187 Weymouth
18%
142 Wales 55,406 Barry
17%
104 Scotland 75,240 East Kilbride
17%
160 England 47,963 Hertford
17%
141 England 58,150 Kidderminster
17%
156 Scotland 49,850 Kirkcaldy
17%
155 England 49,994 Banbury
16%
148 England 52,306 Clacton-on-Sea
16%
173 England 45,569 Grantham
16%
153 Wales 50,135 Llanelli
16%
124 England 64,014 Loughborough
16%
112 England 67,870 Bognor Regis
15%
138 Wales 59,924 Bridgend
15%
190 England 40,563 Fleet
15%
143 England 54,956 Braintree
14%
131 England 62,449 Runcorn
14%
67 England 126,034 Accrington
13%
82 England 95,354 Grays
13%
114 Scotland 67,710 Greenock
13%
97 England 82,368 Tamworth
13%
171 England 45,835 Andover
12%
145 England 53,688 Horsham
12%
180 Wales 44,265 Merthyr Tydfil
12%
111 England 69,950 Newbury
12%
191 England 40,356 Tonbridge
12%
144 England 54,715 Brentwood
11%
185 England 43,524 Bridgwater
11%
71 England 117,546 Paignton
11%
169 Wales 46,689 Rhyl
11%
127 England 62,722 Widnes
11%
177 England 44,794 Barrow-in-Furness
10%
113 Northern Ireland 67,810 Craigavon
10%
152 Scotland 50,440 Cumbernauld
10%
168 Scotland 46,890 Glenrothes
10%
147 England 52,460 Wellingborough
10%
125 England 63,314 Welwyn Garden City
10%
170 England 46,454 Hatfield
9%
120 Northern Ireland 66,150 Newtownabbey
9%
196 Ireland 39,248 Swords
9%
181 England 43,882 Worksop
9%
161 England 47,959 Northwich
8%
133 England 61,541 Stroud
8%
193 England 39,587 Abingdon-on-Thames
7%
165 England 47,349 Hinckley
7%
172 England 45,749 Newark-on-Trent
7%
183 England 43,595 Trowbridge
7%
158 England 48,117 Amersham
6%
151 England 50,516 Bromsgrove
6%
89 Scotland 90,310 Coatbridge
6%
149 England 51,469 Sittingbourne
6%
192 England 39,771 Bishop's Stortford
5%
126 England 63,035 Castleford
5%
175 England 45,305 Pontefract
5%
139 England 59,806 Redhill
5%
179 England 44,389 Camborne
4%
194 England 39,542 Coalville
4%
187 England 42,847 Kirkby
4%
106 England 73,264 Herne Bay
3%
188 England 40,961 Leighton Buzzard
3%
176 England 44,874 Letchworth Garden City
3%
200 England 38,096 New Abbot
3%
195 England 39,287 Rushden
3%
197 England 39,123 Alfreton
2%
122 Wales 64,673 Buckley
2%
199 England 38,643 Canvey Island
2%
178 Scotland 44,730 Dalkeith
2%
128 Wales 62,603 Tonypandy
2%
93 England 87,323 Cannrock
1%
No matching quizzes found
Score Distribution
Percent of People with Each Score
Percentile by Number Answered
Your Score History
You have not taken this quiz